| 000 | 00588nam a2200181Ia 4500 | ||
|---|---|---|---|
| 008 | 151018s9999 xx 000 0 und d | ||
| 082 |
_bRBASDV1298 _a891.463 |
||
| 100 | _aशशीशेखर वेदक | ||
| 245 | _aजगू आम्ही जीवन | ||
| 250 | _b1 | ||
| 260 |
_bकेशरी प्रकाशन _c1950 |
||
| 300 | _a124 | ||
| 600 | _aशशीशेखर वेदक | ||
| 630 | _aजगू आम्ही जीवन | ||
| 700 | _aशशीशेखर वेदक | ||
| 730 | _aजगू आम्ही जीवन | ||
| 942 | _cBOOK | ||
| 999 |
_c1003764 _d1003761 |
||